000
00307nam a22001337a 4500
008
171020b xxu||||| |||| 00| 0 eng d
020
_a
9780932238498
041
_a
eng
080
_a
338
100
_a
54
101
_a
MEN
245
_a
LEAD FOLLOE OR GET OUT THE WAY
_c
LUNDY.J.L
942
_2
udc
_c
BK
999
_c
35032
_d
35032